00667pab a2200145 454500008004000000100002500040245002800065260000900093300001500102362001100117520033000128650001300458650001600471773003400487180718b1998 xxu||||| |||| 00| 0 eng d aEngineer, Asghar Ali aCommunal violence, 1998 c1998 ap.3300-304 a26 Dec aThis year while the minor riots, involving Hindus and Muslims, took few lives, there is clearly a change in the nature of the communal situation in most states. The consistent attack on Christian minorities and their places of worship in Gujarat and the reaction of the state's BJP government is a case in point. - Reproduced aViolence aCommunalism aEconomic and Political Weekly